000 00396nam a22001697a 4500
003 MPLRDC
005 20220104153430.0
008 210129b ||||| |||| 00| 0 eng d
082 _a848.1 BJ-46
100 _a巴金著
245 _a相逢争如不逢
_c
250 _a初版
260 _a
_b香港竟成书局
_c1961
300 _b
650 _a现代别集
942 _cBK
_o848.1 BJ-46
999 _c53441
_d53431